| 000 | 00470nam a22001937a 4500 | ||
|---|---|---|---|
| 003 | MPLRDC | ||
| 005 | 20220104114041.0 | ||
| 008 | 210129b ||||| |||| 00| 0 eng d | ||
| 020 | _a7-5366-1850-6 | ||
| 082 | _a841 QY-5* | ||
| 100 | _a程嘉哲等著 | ||
| 245 |
_a屈原吟踪漫记 _c |
||
| 250 | _a一版一刷 | ||
| 260 |
_a _b重庆出版社 _c1992 |
||
| 300 | _b平 | ||
| 490 | _a中国古典文学旅游知识丛书 | ||
| 650 | _a | ||
| 942 |
_cBK _o841 QY-5* |
||
| 999 |
_c4414 _d4404 |
||